Seeing with the third eye : (Record no. 2415)

MARC details
000 -LEADER
fixed length control field 00616cam a2200193 4500
001 - CONTROL NUMBER
control field 3005
005 - DATE AND TIME OF LATEST TRANSACTION
control field 20181127170316.0
008 - FIXED-LENGTH DATA ELEMENTS--GENERAL INFORMATION
fixed length control field 081007s2007 bt ab 000 0 eng
010 ## - LIBRARY OF CONGRESS CONTROL NUMBER
LC control number 2008335873
020 ## - INTERNATIONAL STANDARD BOOK NUMBER
International Standard Book Number 9993669202
043 ## - GEOGRAPHIC AREA CODE
Geographic area code a-bt---
100 1# - MAIN ENTRY--PERSONAL NAME
Personal name Sangay Wangchuk, T.,
Dates associated with a name 1968-
245 10 - TITLE STATEMENT
Title Seeing with the third eye :
Remainder of title growing up with Grandma in rural Bhutan /
Statement of responsibility, etc. T. Sangay Wangchuk.
250 ## - EDITION STATEMENT
Edition statement 2nd ed.
260 ## - PUBLICATION, DISTRIBUTION, ETC.
Place of publication, distribution, etc. Thimphu :
Name of publisher, distributor, etc. T. Sangay Wangchuk,
Date of publication, distribution, etc. 2007.
300 ## - PHYSICAL DESCRIPTION
Extent 176 p. :
Other physical details ill. (some col.), 1 map ;
Dimensions 21 cm.
651 #0 - SUBJECT ADDED ENTRY--GEOGRAPHIC NAME
Geographic name Bhutan
General subdivision Religious life and customs.
Geographic name Bhutan
General subdivision Social and customs.
Holdings
Withdrawn status Lost status Source of classification or shelving scheme Damaged status Not for loan Collection code Home library Current library Shelving location Date acquired Serial Enumeration / chronology Inventory number Total Checkouts Full call number Barcode Date last seen Date last checked out Copy number Price effective from Koha item type Public note Total Renewals
  Lost and Paid For Dewey Decimal Classification     Main TEST RTC Library RTC Library Main opac 10/10/2023 5388 1 954.98 WAN 30001404 10/10/2023 10/10/2023 1 27/11/2018 Main Return to Rachael Davey upon request.  
    Dewey Decimal Classification     Main TEST RTC Library RTC Library Main opac 17/05/2021 8143 7 954.98 WAN 30008011 20/05/2024 08/05/2024 2 27/11/2018 Main   2
    Dewey Decimal Classification     Main TEST RTC Library RTC Library Main opac 27/03/2023 8142 5 954.98 WAN 30007854 21/11/2023 18/05/2023 1 27/11/2018 Main   5
Royal Thimphu College || All Right Reserved